|
|
|
|
| LEADER |
00000cam a2200000 4500 |
| 001 |
vtls011737671 |
| 003 |
SK-MaSNL |
| 005 |
20260302053925.0 |
| 008 |
200104s2017 xo oda f 001 0 slo |
| 015 |
|
|
|a SNBA2018/03
|
| 020 |
|
|
|a 9788080775353
|q (brožované)
|
| 035 |
|
|
|a urn:nbn:sk:snk-am00d245
|
| 035 |
|
|
|a urn:nbn:sk:snk-am3hj3f
|
| 035 |
|
|
|a CFCDB32C-5EB9-435F-80AD-86F25C579E94
|
| 040 |
|
|
|a SNK
|b slo
|c SNK
|e rda
|
| 041 |
0 |
|
|a slo
|a eng
|b eng
|
| 044 |
|
|
|a xo
|c SK
|
| 072 |
|
7 |
|a 636.09
|x Veterinárna medicína
|2 konspekt
|
| 080 |
|
|
|a 636.5
|2 2011
|
| 080 |
|
|
|a 636.09:616-092.19
|2 2011
|
| 080 |
|
|
|a 579.62
|2 2011
|
| 080 |
|
|
|a (048.8:082)
|2 2011
|
| 080 |
|
|
|a 636.09:616
|2 2011
|
| 245 |
0 |
0 |
|a Modulácia črevného imunitného systému hydiny
|c editori: Mikuláš Levkut, Katarína Bobíková
|
| 246 |
3 |
0 |
|a Modulation of intestinal immune system in poultry
|
| 250 |
|
|
|a 1. vydanie
|
| 264 |
|
1 |
|a V Košiciach
|b Universita veterinárneho lekárstva a farmácie
|c 2017
|
| 300 |
|
|
|a 178 strán
|b fotografie, grafy, ilustrácie, tabuľky
|c 26 cm
|
| 336 |
|
|
|a text
|b txt
|2 rdacontent
|
| 337 |
|
|
|a bez média
|b n
|2 rdamedia
|
| 338 |
|
|
|a zväzok
|b nc
|2 rdacarrier
|
| 500 |
|
|
|a Preklep v tiráži vydavateľ : universita ; správne : univerzita
|
| 504 |
|
|
|a Obsahuje bibliografiu ; register
|
| 546 |
|
|
|a Text čiastočne v angličtine ; súbežný názov v angličtine ; anglické resumé
|
| 650 |
0 |
7 |
|a hydina
|2 SNKPH
|9 2747
|
| 650 |
0 |
7 |
|a veterinárna imunológia
|2 SNKPH
|9 68212
|
| 650 |
0 |
7 |
|a veterinárna mikrobiológia
|2 SNKPH
|9 120723
|
| 650 |
0 |
7 |
|a Poultry
|2 SNKPHeng
|9 266562
|
| 650 |
0 |
7 |
|a Veterinary immunology
|2 SNKPHeng
|9 433701
|
| 650 |
0 |
7 |
|a Veterinary microbiology
|2 SNKPHeng
|9 600132
|
| 650 |
0 |
7 |
|a Veterinary pathology
|2 SNKPHeng
|9 320091
|
| 650 |
0 |
7 |
|a veterinárna patológia
|2 SNKPH
|9 67381
|
| 655 |
|
7 |
|a kolektívne monografie
|2 SNKPHeng
|9 249850
|
| 655 |
|
7 |
|a Collective monographs
|2 SNKPHeng
|9 125747
|
| 700 |
1 |
|
|a Levkut, Mikuláš,
|d 1951-
|4 edt
|9 197341
|
| 700 |
1 |
|
|a Bobíková, Katarína
|4 edt
|9 498352
|
| 710 |
2 |
|
|a Univerzita veterinárskeho lekárstva a farmácie v Košiciach
|4 pbl
|9 151588
|
| 919 |
|
|
|a 978-80-8077-535-3
|
| 958 |
|
|
|a NB
|
| 999 |
|
|
|c 1111367
|d 1113297
|
| 952 |
|
|
|a SNK
|b SNK
|y PREZ
|7 0
|p 17A1307771
|o snkSB 92360
|i snk2018/1607
|8 0
|0 0
|1 0
|4 0
|d 2018-01-19
|f 1
|l 0
|r 2025-05-14 00:00:00
|w 2026-02-24
|
| 952 |
|
|
|a SNK
|b SNK
|y VYP
|7 0
|p 17A1307772
|o snkSB 92360 D1
|i snk2018/1608
|8 0
|0 0
|1 0
|4 0
|d 2018-01-19
|l 0
|r 2026-02-24 18:01:13
|w 2026-02-24
|